Mengenali Allah melalui ayat-ayat suci al-Quran dengan terjemahan dan huraian ringkas

Bibliographic Details
Main Author: Mohd Rashad Shamsuddin
Format: Book
Published: Kuala Lumpur : Al-Hidayah Publishers , 2003
Subjects:

MARC

LEADER 00000cam a2200000 7i4500
001 0000014280
005 20080226.0
008 080226
020 |a 9830994783 
090 0 0 |a 297.211   |b MOH 
100 0 |a Mohd Rashad Shamsuddin 
245 1 0 |a Mengenali Allah melalui ayat-ayat suci al-Quran dengan terjemahan dan huraian ringkas   |c Mohd Rashad Shamsuddin 
260 |a Kuala Lumpur :   |b Al-Hidayah Publishers ,   |c 2003 
650 0 |a God (Islam) 
650 0 |a Tauhid (Islam) 
999 |a 0000921317   |b Book   |c Adult Collection   |e Cawangan Bukit Gambir 
999 |a 0000921318   |b Book   |c Adult Collection   |e Cawangan Bukit Gambir 
999 |a 0000933191   |b Book   |c Adult Collection   |e Cawangan Tangkak 
999 |a 0000933193   |b Book   |c Adult Collection   |e Cawangan Tangkak 
999 |a 0001007537   |b Book   |c Adult Collection   |e Perbadanan Perpustakaan Awam Johor 
999 |a 0001007538   |b Book   |c Adult Collection   |e Perbadanan Perpustakaan Awam Johor 
999 |a 0001007539   |b Book   |c Adult Collection   |e Perbadanan Perpustakaan Awam Johor